[Event "FRA-chT4 0405"]
[Site "Franconville"]
[Date "2005.01.09"]
[Round "4.4"]
[White "Becue, Herve"]
[Black "Le Chevalier, Yves"]
[Result "1/2-1/2"]
[WhiteElo "1850"]
[BlackElo "1987"]
[PlyCount "115"]
[EventDate "2004.10.10"]
[EventType "team"]
[EventRounds "7"]
[EventCountry "FRA"]
[SourceTitle "EXT 2007"]
[Source "ChessBase"]
[SourceDate "2006.11.23"]
[SourceVersion "1"]
[SourceVersionDate "2006.11.23"]
[SourceQuality "1"]

1. e4 c5 2. Nc3 d6 3. d3 Nc6 4. g3 Nf6 5. Bg2 g6 6. f4 Bg7 7. Nf3 Bg4 8. Ne2 Bxf3 9. Bxf3 Rc8 10. c3 b5 11. Qb3 Qb6 12. a4 b4 13. c4 Nd7 14. Be3 a5 15. 0-0 Nd4 16. Nxd4 cxd4 17. Bd2 Nc5 18. Qc2 b3 19. Qd1 0-0 20. Be1 e5 21. fxe5 dxe5 22. Qd2 Qc6 23. Be2 Ra8 24. Bd1 Rfb8 25. Ra3 Qd7 26. Qe2 Bh6 27. Qf3 Be3+ 28. Bf2 Bxf2+ 29. Rxf2 Rb7 30. Qf6 Ra6 31. Qg5 Nxd3 32. Rd2 f6 33. Qh4 Nc5 34. Bg4 Qc6 35. Ra1 Nxe4 36. Bf3 f5 37. Re1 Qf6 38. Qh6 Qg7 39. Qh4 g5 40. Qh5 Qg6 41. Qxg6+ Rxg6 42. Bxe4 fxe4 43. Rxe4 Rc7 44. Rxe5 Rxc4 45. Rxa5 h6 46. Rd5 Rxa4 47. R5xd4 Rxd4 48. Rxd4 Rc6 49. Rd2 Rc2 50. Rf2 Kg7 51. h3 Kg6 52. Kg2 g4 53. h4 Rxf2+ 54. Kxf2 Kf5 55. Ke3 Ke5 56. Kd3 Kd5 57. Ke3 Kc4 58. Ke4 1/2-1/2